00219nam a2200085Ia 4500008004100000100001800041245002200059260004300081260000900124170620s9999 xx 000 0 und d aSharma- R. A. 0aTeacher Education bMeerut- International Publishing House c2005